|
|
|
|
| LEADER |
01690nam a2200277 a 4500 |
| 001 |
13627972 |
| 008 |
100502r20042003ii ab b 001 0 eng d |
| 010 |
|
|
|a 2004327122
|
| 020 |
|
|
|a 8173714568
|
| 040 |
|
|
|a DLC
|c DLC
|d DLC
|d BD-DhAAL
|
| 082 |
0 |
0 |
|a 363.34/8/0954
|2 22
|
| 245 |
0 |
0 |
|a Disaster management /
|c edited by Harsh K. Gupta.
|
| 260 |
|
|
|a Hyderabad :
|b Universities Press :
|b Distributed by Orient Longman,
|c c2003.[Reprinted 2004]
|
| 300 |
|
|
|a vii, 152 p. :
|b ill. (some col.), maps ;
|c 26 cm.
|
| 520 |
|
|
|a With reference to India.
|
| 504 |
|
|
|a Includes bibliographical references and index.
|
| 505 |
0 |
|
|a Vegetal cover and natural disaster management in Himalaya / P.S. Ramakrishnan -- The spacio-temporal aspects of monsoon floods in India : implications for flood hazard management / Vishwas S. Kale -- Monitoring and forecasting of tropical cyclones and their associated effects / S.R. Kalsi -- A new seismic hazard map for the Indian plate region under the global seismic hazard assessment programme / M. Ravi Kumar and S.C. Bhatia -- Major and great earthquakes in the Himalayan Region : an overview / H. Gupta -- Two great landslide tragedies of India / R.K. Bhandari -- Droughts / D.P. Rao.
|
| 541 |
1 |
|
|e 00015354
|
| 650 |
|
0 |
|a Natural disasters
|z India.
|
| 650 |
|
0 |
|a Hazardous geographic environment
|z India.
|
| 650 |
|
0 |
|a Emergency management
|z India
|
| 700 |
1 |
|
|a Gupta, Harsh K.,
|d 1942-
|
| 710 |
2 |
|
|a Indian National Science Academy.
|
| 852 |
4 |
|
|a Ayesha Abed Library
|j General shelf
|
| 999 |
|
|
|c 8365
|d 8365
|
| 952 |
|
|
|0 0
|1 0
|2 ddc
|4 0
|6 363_348095400000000_DIS_2004
|7 0
|9 9698
|a BRACUL
|b BRACUL
|c GEN
|d 2010-05-04
|l 1
|o 363.3480954 DIS
|p 3010015354
|r 2010-12-27
|s 2010-08-31
|t 1
|w 2010-05-04
|y BK
|